01464 a2200205 4500003000500000005001700005010001600022020001700038040000900055082001400064245009000078250001300168260005400181300004500235505088400280650002801164700002401192700002001216700002201236Nust20230919110432.0 a 92019212 c0750612029 : cNust00a621.3,ELE00aElectrical engineer's reference book /cedited by G.R. Jones, M.A. Laughton, M.G. Say a13th ed. aOxford ;aBoston :bButterworth-Heinemann,c1973. a1 v. (various pagings) :bill. ;c25 cm. aUnits and Physics Quantities (Various Pages), Electro technology (Various Pages), Network Analysis (Various Pages), Materials (Various Pages), Electrical Metrology and Instrumentation (Various Pages), Energy Conversion (Various Pages), Alternating Current Generators (Various Pages), Supply Networks (Various Pages), Power Transformers (Various Pages), Switchgear and Protection (Various Pages), Planning and Economics (Various Pages), Converting Plant (Various Pages), Electromagnetic Machines and Devices (Various Pages), Electro heating (Various Pages), Electrochemistry (Various Pages), Control (Various Pages), Computers (Various Pages), Installation (Various Pages), Illumination (Various Pages), Environmental Control (Various Pages), Transportation (Various Pages), Mining (Various Pages), Agriculture (Various Pages), Miscellaneous (Various Pages). 0aElectrical engineering.1 aJones, G. R.d1938-1 aLaughton, M. A.1 aSay, M. G.d1902-